CorelDraw ! 8 kỹ năng đồ họa Tự học Coreldraw! 8
Kaydedildi:
| Yazar: | |
|---|---|
| Materyal Türü: | Kitap |
| Dil: | Undetermined |
| Baskı/Yayın Bilgisi: |
Tp. HCM
Trẻ
1999
|
| Konular: | |
| Etiketler: |
Etiketle
Etiket eklenmemiş, İlk siz ekleyin!
|
| Thư viện lưu trữ: | Trung tâm Học liệu Trường Đại học Cần Thơ |
|---|
| LEADER | 00580nam a2200181Ia 4500 | ||
|---|---|---|---|
| 001 | CTU_40384 | ||
| 008 | 210402s9999 xx 000 0 und d | ||
| 082 | |a 006.68 | ||
| 082 | |b T406c | ||
| 100 | |a Đặng Trung Toàn | ||
| 245 | 0 | |a CorelDraw ! 8 kỹ năng đồ họa | |
| 245 | 0 | |b Tự học Coreldraw! 8 | |
| 245 | 0 | |c Đặng Trung Toàn | |
| 260 | |a Tp. HCM | ||
| 260 | |b Trẻ | ||
| 260 | |c 1999 | ||
| 650 | |a computer graphics - computer programs,computer-aided design,coreldraw ( computer programs ) | ||
| 980 | |a Trung tâm Học liệu Trường Đại học Cần Thơ | ||